| 000 | 00709nam a2200205 a 4500 | ||
|---|---|---|---|
| 001 | BRCA_1650 | ||
| 005 | 20190320203506.0 | ||
| 008 | 930310s1993 mx-a---##b---#000-0#spa-d | ||
| 040 |
_aDLC _cDLC _dDLC |
||
| 050 | 4 |
_aN6555 _b.N43 1993 |
|
| 245 | 1 | 0 | _aEl Neobarroco en la Ciudad de México |
| 260 |
_a[México (Ciudad)] _bMuseo de San Carlos _c[1993]. |
||
| 300 |
_a134 p. _bil. (algunas a color) _c28 cm. |
||
| 504 | _aIncluye referencias bibliográficas | ||
| 650 | 1 | 4 |
_aArte mexicano _vExposiciones _ySiglo XX _92618 |
| 650 | 1 | 4 |
_aArte barroco _vExposiciones _xInfluencia _zMéxico _95150 |
| 650 | 1 | 4 |
_aArte mexicano _vExposiciones _ySiglo XX _zMéxico _95151 |
| 710 | 2 |
_aMuseo de San Carlos _92079 |
|
| 942 |
_2lcc _cB |
||
| 999 |
_c1448 _d1448 |
||